| 000 | 01574 a2200337 4500 | ||
|---|---|---|---|
| 999 |
_c10454 _d10454 |
||
| 020 | _a9780028659657 (set hardcover : alk. paper) | ||
| 020 | _a9780028659664 (v. 1 hardcover : alk. paper) | ||
| 020 | _a9780028659671 (v. 2 hardcover : alk. paper) | ||
| 020 | _a9780028659688 (v. 3 hardcover : alk. paper) | ||
| 020 | _a9780028659695 (v. 4 hardcover : alk. paper) | ||
| 020 | _a9780028659701 (v. 5 hardcover : alk. paper) | ||
| 020 | _a9780028659718 (v. 6 hardcover : alk. paper) | ||
| 020 | _a9780028659725 (v. 7 hardcover : alk. paper) | ||
| 020 | _a9780028659732 (v. 8 hardcover : alk. paper) | ||
| 020 | _a9780028661414 (v. 9 hardcover : alk. paper) | ||
| 020 | _a9780028661179 (ebook) | ||
| 050 | 0 | 0 | _aH40.INT 2008 |
| 100 |
_a Sills, David L _eeditor |
||
| 245 | 0 | 0 |
_aInternational encyclopedia of the social sciences / _cWilliam A. Darity, Jr., editor in chief. |
| 250 | _a2nd edition. | ||
| 264 |
_aNew York: _bThomson., _c2008 |
||
| 300 | _avii., 554 pages, 9 v. ; | ||
| 500 | _aRev. ed. of: International encyclopedia of the social sciences / David L. Sills, editor. c1968-c1991. | ||
| 504 | _aIncludes bibliographical references and index. | ||
| 650 | 0 |
_aSocial sciences _x Dictionaries. |
|
| 650 | 0 | _aSocial sciences | |
| 700 | 1 |
_aDarity, William A., _d1953- |
|
| 856 | 4 | 1 |
_3Table of contents only _uhttp://www.loc.gov/catdir/toc/ecip0724/2007031829.html |
| 942 |
_2lcc _cBK _h40 _iINT _kH |
||